000
00245nam a22001217a 4500
082
_a
494
_b
KAY/H
100
_a
BHATI,SHARADA
245
_a
HINDI VYAKARAN
260
_a
MEERUT
_b
KEAM JEEM
300
_a
456
650
_a
GRAMMAR
_z
INDIA
942
_c
BK
999
_c
4199
_d
4199